Najpopularniejsi raperzy w tym tygodniu . 01-07.01 - Statystyki

Ogólne statystyki
  • Ten quiz został rozwiązany 27 razy
  • Średni wynik to 8 z 15
Statystyki odpowiedzi
Miejsce w poprzednim tygodniu Wyświetlenia Utwór % Poprawnych
#8 5.78M Bedoes
74%
#7 3.38M Kizo
70%
#5 3.78M Szpaku
65%
#1 7.05M Guzior
61%
#2 4.15M Quebonafide
57%
#15 2.31M White 2115
57%
#14 3.11M Żabson
57%
#9 3.72M Tymek
52%
#11 4.00M Kabe
48%
#4 3.76M Kali
43%
#6 4.94M Sobel
43%
#12 3.03M Kubańczyk
39%
#13 2.97M Paluch
39%
#3 3.88M Major SPZ
30%
#10 2.59M Kukon
26%
Nie znaleziono quizów pasujących do podanych kryteriów
Rozkład punktacji
Procent ludzi z każdym wynikiem
Percentyl według liczby udzielonych odpowiedzi
Twoja historia wyników
Nie rozwiązałeś tego quizu